000
00311nam a22001217a 4500
082
_a
629.25 JUD'A
100
_a
JUDGE, ARTHUR W
_9
41819
245
_a
AUTOMOBILE ENGINES IN THEORY CONSTRUCTION OPERATION AND TESTING
250
_a
6TH
260
_a
LONDON
_b
CHAPMAN & HALL
_c
1961
300
_a
4740P
942
_c
BK
999
_c
568909
_d
568909